00539nam a2200205 a 4500001001300000003000900013005001700022008004100039020001000080082001700090100002200107245005300129260004200182300000900224500003500233505001000268650001300278650002000291700002200311nice12345678IN_TiNIC20260116012628.0050524s1965 phia grp 000 0 eng  ac10000a230.01bHAL2 aHall, Charles A M aCommon Questb Theology and the Search for Truth aPhiladelphiabWestminster Pressc1965 a332p aincludes index and biblioraphy2 aIndex aTheology aTheology-Theory1 aHall, Charles A M